000 00679nam a2200193zi 4500
999 _c25707
_d53705
005 20170531043501.0
020 _a978-9961-792-40-7
037 _aBC_1420 69
_fbroch
040 _aBC-ENSA
_bfre
041 _afre
110 _aOffice national des statistiques. Direction technique chargée de la comptabilité nationale
245 _aEvolution des échanges éxterieurs de marchandises de 1999 à 2009
260 _aAlger
_bONS
_c2011
300 _a108 p.
_bill.
_c30 cm
562 _e01 exemplaire
942 _c09
490 _a1589
653 _aEVOLUTION/ECONOMIE/IMPORTATION/EXPORTATION/COMMERCE EXTERIEUR